| 000 | 00000ngm 2200000zi 4500 |
| 001 | 9.890994 |
| 003 | CaOODSP |
| 005 | 20250403110331 |
| 006 | m o c f |
| 007 | cr cna|||||||| |
| 008 | 200828e20200217onc006 fo vlfre d |
| 040 | |aCaOODSP|bfre|erda|cCaOODSP |
| 086 | 1 |aCS892-00005/2020-3F-MP4 |
| 245 | 00|aDémo 3 : |btélécharger et organiser des données spatiales dans QGIS. |
| 246 | 10|aTélécharger et organiser des données spatiales dans QGIS |
| 264 | 1|a[Ottawa] : |bStatistique Canada = Statistics Canada, |c[le 17 février 2020] |
| 300 | |a1 ressource en ligne (1 fichier vidéo (6 min., 1 sec.)) : |bsonore, couleur |
| 336 | |aimage animée bidimensionnelle|btdi|2rdacontent/fre |
| 337 | |ainformatique|bc|2rdamedia/fre |
| 338 | |aressource en ligne|bcr|2rdacarrier/fre |
| 500 | |aTitre du titre d'écran. |
| 500 | |a« Date de diffusion : le 17 février 2020. » |
| 500 | |aTranscription de la vidéo en format HTML est fourni par l'éditeur. |
| 500 | |aPublié aussi en anglais sous le titre : Demo 3 : loading and ordering spatial data in QGIS. |
| 520 | |a« Apprendre à télécharger et à organiser des ensembles de données dans QGIS, ainsi qu'à sauvegarder le projet pour utilisation ultérieure » -- Fourni par l'éditeur. |
| 538 | |aConfiguration requise : Logiciel de lecture multimédia tels que Lecteur Windows Media. |
| 538 | |aMode d'accès : World Wide Web. |
| 650 | 6|aSystèmes d'information géographique|xÉtude et enseignement. |
| 650 | 6|aDonnées géospatiales|xInformatique|xÉtude et enseignement. |
| 655 | 7|aMatériel d'éducation et de formation|2rvmgf |
| 655 | 7|aVidéos sur Internet|2rvmgf |
| 710 | 2 |aStatistique Canada, |eorganisme de publication. |
| 775 | 08|tDemo 3 : |w(CaOODSP)9.890972 |
| 856 | 40|qMP4|s30.55 Mo|uhttps://publications.gc.ca/collections/collection_2020/statcan/892-00005/CS892-00005-2020-3-fra.mp4|zVidéo |
| 856 | 4 |qHTML|sS.O.|uhttps://www.statcan.gc.ca/fra/afc/cours-en-ligne/qgis/2020003|zTranscription |